Pays ayant la plus grande croissance démographique - Statistiques

Statistiques générales
  • Ce quiz a été pris 17 064 fois
    12 277 depuis la dernière actualisation
  • Le résultat moyen est 11 sur 20
Statistiques - réponses
% # Pays % Correct
618 M Chine
97%
884 M Inde
97%
143 M États-Unis
85%
122 M Brésil
82%
602 % Niger
78%
165 M Indonésie
75%
172 M Nigeria
75%
184 M Pakistan
73%
84,1 M Rép. Dém. du Congo
70%
107 M Bangladesh
67%
100 M Éthiopie
57%
623 % Arabie Saoudite
41%
2457 % Qatar
40%
3475 % Émirats Arabes Unis
39%
707 % Oman
33%
559 % Koweït
32%
678 % Bahreïn
30%
750 % Jordanie
22%
624 % Angola
20%
817 % Djibouti
14%
Aucun quiz correspondant
Distribution des résultats
% des personnes avec chaque résultat
Percentile par nombre de réponses
Votre historique - résultats
Vous n’avez pas pris ce quiz depuis la dernière actualisation